01597nam a2200301 a 450000100100000000500170001000800410002704000250006808200280009311000330012124000190015424500250017326000480019830000210024650002360026750400560050359000260055965000650058565000570065065000400070765100440074771000710079191000370086295201330089995201210103295201270115399900150128000000582220200929151811.0090824s1964 dr 000 0 spa d aDO-SdBNPbspacBNPHU a344.729301bR426c, 19641 aRepública Dominicana.944710a[Código,etc]10aCódigo de trabajo. aSanto Domingo :bEditora del Caribe,c1964. a233 p. ;c23 cm. aVotado por la ley Nº 2920 del Congreso Nacional, promulgada por el Poder Ejecutivo el 11 de junio de 1951 y publicada en la Gaceta Oficial Nº 7309 bis, incluyendo todas las modificaciones, correcciones y adiciones hasta la fecha. aIncluye bibliografía y notas al pie de páginas. aInventariado, 2018/VM 4aDerecho laboralxLegislaciónzRepública Dominicana97806 4aLegislación laboralzRepública Dominicana911733 4aLeyeszRepública Dominicana93033 4aRepública DominicanaxLey 29209164441 aRepública Dominicana.bSecretaría de Estado del Trabajo916445 aValidado. Control de calidad EMS 001054708RVaGRbGRcHDd2015-05-22iLF1l0o344.01 R426c, 1964p5822-30r2020-06-25te. 3w2020-06-25y4ZPréstamo en sala 001050718RVaPDbPDcHDd2009-08-24iLF1l0o344.01 R426c, 1964p5822-10r2020-06-25w2020-06-25y1ZNo se presta 001050718RVaPDbPDcHDd2009-08-24iLF1l0o344.01 R426c, 1964p5822-20r2020-06-25te. 2w2020-06-25y1ZNo se presta c5618d5618